| 000 | 00351nam a2200145Ia 4500 | ||
|---|---|---|---|
| 008 | 240330s9999||||xx |||||||||||||| ||und|| | ||
| 020 | _a9789389811285 | ||
| 082 |
_a658.83 _bCHA/B |
||
| 100 | _aChandra, Prasanna | ||
| 245 | 0 | _aBehavioural Finance | |
| 250 | _a2nd Edition | ||
| 260 |
_aChennai _bMc Graw Hill _c2022 |
||
| 300 | _aI.4p. | ||
| 942 | _cBK | ||
| 999 |
_c44242 _d44242 |
||